[Event "ICS rated standard match"]
[Site "204.178.125.65"]
[Date "2000.11.10"]
[Round "?"]
[White "Hossa"]
[Black "perucho"]
[Result "1/2-1/2"]
[WhiteElo "2369"]
[BlackElo "2213"]
[PlyCount "92"]
[EventDate "2000.??.??"]

1. d4 Nf6 2. c4 e6 3. Nc3 Bb4 4. Qc2 O-O 5. a3 Bxc3+ 6. Qxc3 b6 7. Bg5 Bb7 8.
f3 h6 9. Bh4 d5 10. e3 Nbd7 11. cxd5 Nxd5 12. Bxd8 Nxc3 13. Bxc7 Nd5 14. Bd6
Nxe3 15. Kf2 Nc2 16. Rd1 Rfc8 17. Bb5 Nf6 18. Ne2 a6 19. Bd3 Rc6 20. Be5 Nd5
21. Rd2 Rac8 22. Rb1 Nce3 23. b3 f6 24. Bg3 g5 25. Bg6 b5 26. Kg1 Kg7 27. Be4
Kf7 28. a4 b4 29. a5 f5 30. Bd3 f4 31. Bf2 Nf5 32. Be4 Nd6 33. Bh7 Nf5 34. Bxf5
exf5 35. Re1 Kf6 36. Ra2 Re6 37. h3 Ke7 38. Rd2 Kf6 39. Ra2 Rec6 40. Kh2 Re6
41. Kg1 Rec6 42. Kh2 Re6 43. Kg1 Rec6 44. Kh2 Re6 45. Kg1 Rec6 46. Kh2 Re6 {
Game drawn by repetition} 1/2-1/2

[Event "ICS rated standard match"]
[Site "204.178.125.65"]
[Date "2000.11.10"]
[Round "?"]
[White "perucho"]
[Black "Hossa"]
[Result "0-1"]
[WhiteElo "2220"]
[BlackElo "2362"]
[PlyCount "103"]
[EventDate "2000.??.??"]

1. e4 e5 2. f4 exf4 3. Nf3 d5 4. exd5 Qxd5 5. Nc3 Qe6+ 6. Be2 Bd6 7. O-O Ne7 8.
d4 Nf5 9. Nb5 Ne3 10. Ng5 Nxd1 11. Nxe6 Bxe6 12. Rxd1 g5 13. Bf3 Bc8 14. Nxd6+
cxd6 15. g3 fxg3 16. Re1+ Kd7 17. Bxg5 gxh2+ 18. Kxh2 Nc6 19. Bf6 Rg8 20. Be4
h5 21. Bh7 Rf8 22. c4 Kc7 23. d5 Ne5 24. Bxe5 dxe5 25. Rxe5 Bg4 26. Re7+ Kb6
27. b4 a5 28. c5+ Kb5 29. Rxb7+ Kc4 30. Be4 Kd4 31. Bg2 axb4 32. c6 Kc5 33.
Rc1+ Kd6 34. Rc2 Rab8 35. Rb2 Ra8 36. R7xb4 Rg8 37. Rd2 h4 38. a4 Ra7 39. Re4
f6 40. Rf2 Rg6 41. Rc4 f5 42. Ra2 h3 43. Bh1 Rg8 44. Rd2 Rga8 45. Rdd4 Rg8 46.
Rc3 Rag7 47. a5 Rb8 48. Rdc4 Rgg8 49. Rc2 Rb1 50. c7 Rc8 51. Rc6+ Kd7 52. Rg2 {
perucho resigns} 0-1

[Event "ICS Rated standard match"]
[Site "204.178.125.65"]
[Date "2000.11.10"]
[Round "?"]
[White "Hossa"]
[Black "perucho"]
[Result "0-1"]
[WhiteElo "2372"]
[BlackElo "2210"]
[PlyCount "202"]
[EventDate "2000.??.??"]

1. d4 d5 2. c4 Nc6 3. Nc3 dxc4 4. e3 e5 5. d5 Nce7 6. Bxc4 Ng6 7. Nf3 Nf6 8.
Qa4+ Nd7 9. h4 Bd6 10. h5 Ne7 11. h6 g6 12. O-O O-O 13. Ne4 Nf5 14. Nxd6 Nxd6
15. Be2 Nb6 16. Qb4 Nxd5 17. Qc5 Be6 18. Nxe5 Qg5 19. Nd3 Ne4 20. Qd4 Ndf6 21.
Qe5 Qxe5 22. Nxe5 Rfe8 23. Nd3 Bc4 24. Rd1 Rad8 25. a4 Nd5 26. Bf3 Bb3 27. Re1
Ndf6 28. Be2 a5 29. Ra3 Bc4 30. Nf4 Bxe2 31. Nxe2 Nc5 32. f3 Nd5 33. e4 Nb6 34.
b3 f5 35. Bg5 Rd3 36. Nc1 Rd5 37. Bf4 Rd7 38. Be3 Nd3 39. Nxd3 Rxd3 40. Bxb6
cxb6 41. e5 f4 42. Re4 Re6 43. Rxf4 Rxe5 44. Rf6 Rd1+ 45. Kf2 Rd2+ 46. Kg3 Rg5+
47. Kf4 Rgxg2 48. Rxb6 Rd7 49. Rb5 Rf7+ 50. Ke4 Re7+ 51. Kf4 Rh2 52. Rxa5 Rxh6
53. Kg3 Rh1 54. Rb5 Rg1+ 55. Kf2 Rd1 56. a5 Rd4 57. a6 bxa6 58. Rxa6 Rd3 59.
Rf6 Kg7 60. Rbb6 Rc7 61. b4 Rd4 62. b5 Rd5 63. Rf4 h5 64. Rff6 Rc2+ 65. Ke3 Rg2
66. f4 h4 67. Rfc6 Rf5 68. Rb7+ Kh6 69. Rc8 Kh5 70. Rg7 Rg3+ 71. Ke4 Rxb5 72.
Rh8+ Kg4 73. Rxg6+ Kh3 74. Rd6 Rb4+ 75. Rd4 Rb1 76. Ra4 Rbg1 77. Ra6 Rf1 78.
Ra7 Rg4 79. Rf8 Rf2 80. Ke3 Kg2 81. Rh7 Rf1 82. Ke2 Rf3 83. f5 h3 84. Rfh8 Rgg3
85. f6 Rxf6 86. Re7 h2 87. Rxh2+ Kxh2 88. Ra7 Kg2 89. Ke1 Rf1+ 90. Ke2 Rf2+ 91.
Kd1 Re3 92. Rd7 Ra3 93. Rd2 Ra1+ 94. Kc2 Ra2+ 95. Kd3 Raxd2+ 96. Kc4 Rd8 97.
Kc3 Rf4 98. Kb3 Rd3+ 99. Kc2 Rh3 100. Kd2 Rf2+ 101. Ke1 Rh1# {Hossa checkmated}
0-1

[Event "ICS rated blitz match"]
[Site "204.178.125.65"]
[Date "2000.11.10"]
[Round "?"]
[White "Hossa"]
[Black "CosmicJoke"]
[Result "0-1"]
[WhiteElo "2578"]
[BlackElo "2663"]
[PlyCount "134"]
[EventDate "2000.??.??"]

1. e4 c6 2. d4 d5 3. e5 Bf5 4. Bd3 Bxd3 5. Qxd3 e6 6. Nf3 Ne7 7. O-O Nf5 8. Rd1
Nd7 9. Bf4 Be7 10. c3 g5 11. Bc1 g4 12. Ne1 Qb6 13. Qe2 Rg8 14. b4 a5 15. bxa5
Qxa5 16. Nc2 O-O-O 17. Ne3 Nxe3 18. Bxe3 h5 19. Qc2 f5 20. Nd2 Qa7 21. g3 h4
22. c4 hxg3 23. hxg3 Nb6 24. Rab1 Rh8 25. Qb3 Nxc4 26. Nxc4 dxc4 27. Qxc4 Rd5
28. Qb3 Qa6 29. a4 Bd8 30. Rb2 Kb8 31. Rdb1 b6 32. a5 b5 33. Kf1 Bxa5 34. Ra2
b4+ 35. Kg1 Qb6 36. Rc1 Qc7 37. Bg5 Rh5 38. Bf6 Qb6 39. Rca1 Rh7 40. Ra4 Kb7
41. Qa2 b3 42. Qa3 Rb5 43. Qd6 b2 44. Rb1 c5 45. dxc5 Rxc5 46. Qd1 Qc6 47.
Rxb2+ Kc8 48. Rb8+ Kxb8 49. Qd6+ Qxd6 50. exd6 Rc1+ 51. Kg2 Rhh1 52. f3 Rhg1+
53. Kf2 Rgf1+ 54. Ke2 gxf3+ 55. Ke3 Rce1+ 56. Kd3 Re2 57. Rxa5 Rd1+ 58. Kc4 f2
59. Bd4 f1=Q 60. Rb5+ Kc8 61. d7+ Kxd7 62. Kc5 Rc2+ 63. Kb6 Rb1 64. Rxb1 Qxb1+
65. Bb2 Rxb2+ 66. Kc5 Qd3 67. g4 Rb5# {Hossa checkmated} 0-1

[Event "ICS rated blitz match"]
[Site "204.178.125.65"]
[Date "2000.11.10"]
[Round "?"]
[White "CosmicJoke"]
[Black "Hossa"]
[Result "1-0"]
[WhiteElo "2675"]
[BlackElo "2566"]
[PlyCount "51"]
[EventDate "2000.??.??"]

1. d4 Nf6 2. Nf3 c5 3. d5 g6 4. Nc3 Bg7 5. d6 Qa5 6. Bd2 exd6 7. e4 Qb6 8. Bc4
O-O 9. b3 h6 10. O-O Re8 11. Re1 Qd8 12. Bf4 Nh5 13. Qxd6 Nxf4 14. Qxf4 Bxc3
15. Qxf7+ Kh8 16. Nh4 Rg8 17. Nxg6+ Rxg6 18. Qxg6 Qf8 19. Re3 Bg7 20. Rf3 Qd8
21. e5 b5 22. Bd3 Qg8 23. Rh3 Nc6 24. Rxh6+ Bxh6 25. Qxh6+ Qh7 26. Qxh7# {
Hossa checkmated} 1-0

[Event "ICS rated blitz match"]
[Site "204.178.125.65"]
[Date "2000.11.10"]
[Round "?"]
[White "Hossa"]
[Black "NimzoX"]
[Result "0-1"]
[WhiteElo "2555"]
[BlackElo "2888"]
[PlyCount "56"]
[EventDate "2000.??.??"]

1. c4 c5 2. Nf3 Nf6 3. Nc3 d5 4. cxd5 Nxd5 5. e3 Nxc3 6. bxc3 g6 7. Bb5+ Nd7 8.
O-O Bg7 9. d4 O-O 10. Ba3 b6 11. Qb3 Bb7 12. Ng5 e5 13. f4 exf4 14. exf4 Bf6
15. Bc4 Bxg5 16. fxg5 Qxg5 17. Bxf7+ Kg7 18. Rf2 Nf6 19. Bc1 Qh5 20. Be6 Ne4
21. Rxf8 Rxf8 22. Bc4 Qh4 23. g3 Nxg3 24. d5 Ne2+ 25. Bxe2 Rf2 26. Bh6+ Kxh6
27. h3 Qg3+ 28. Kh1 Rh2# {Hossa checkmated} 0-1

[Event "ICS rated blitz match"]
[Site "204.178.125.65"]
[Date "2000.11.10"]
[Round "?"]
[White "Hossa"]
[Black "Amateur"]
[Result "0-1"]
[WhiteElo "2551"]
[BlackElo "2506"]
[PlyCount "104"]
[EventDate "2000.??.??"]

1. e4 e5 2. Nf3 Nc6 3. Bb5 a6 4. Ba4 Nf6 5. O-O Be7 6. Bxc6 dxc6 7. Nxe5 Nxe4
8. d3 Nf6 9. Re1 O-O 10. Nc3 Be6 11. Bg5 Re8 12. d4 Nd5 13. Bxe7 Qxe7 14. Ne4
Nf4 15. Qd2 Qh4 16. Kh1 Nxg2 17. Kxg2 f6 18. Qe3 fxe5 19. dxe5 Bd5 20. f4 Rf8
21. Rf1 g5 22. Kg1 gxf4 23. Qd4 Rad8 24. Kh1 c5 25. Qg1+ Kh8 26. Rfe1 Rf5 27.
c4 Rg8 28. cxd5 Rxg1+ 29. Rxg1 Rh5 30. Rg2 f3 31. Rf2 Qxe4 32. d6 cxd6 33. exd6
Qd4 34. Raf1 Qxd6 35. b3 Rh3 36. Kg1 a5 37. Re1 Kg7 38. Rc1 Kf6 39. Re1 Rxh2
40. Rxf3+ Kg5 41. Ree3 Rxa2 42. Rg3+ Kh4 43. Rh3+ Kg4 44. Rd3 Qf4 45. Rhg3+
Qxg3+ 46. Rxg3+ Kxg3 47. Kf1 h5 48. Ke1 h4 49. Kd1 h3 50. Kc1 h2 51. Kb1 Re2
52. b4 h1=Q# {Hossa checkmated} 0-1

[Event "ICS rated standard match"]
[Site "204.178.125.65"]
[Date "2000.11.10"]
[Round "?"]
[White "NimzoX"]
[Black "Hossa"]
[Result "1-0"]
[WhiteElo "2069"]
[BlackElo "2349"]
[PlyCount "51"]
[EventDate "2000.??.??"]

1. e4 e5 2. Nf3 Nc6 3. Bb5 a6 4. Ba4 Nf6 5. O-O b5 6. Bb3 Bb7 7. c3 Nxe4 8. d4
exd4 9. Re1 d5 10. Ng5 f5 11. f3 dxc3 12. Nxc3 Bc5+ 13. Kh1 h6 14. Nf7 Kxf7 15.
Bxd5+ Kg6 16. fxe4 Kh7 17. Qh5 Rf8 18. exf5 Rf6 19. Ne4 Qxd5 20. Nxf6+ gxf6 21.
Qg6+ Kh8 22. Bxh6 Qg8 23. Qxf6+ Kh7 24. Qh4 Qc4 25. Bf4+ Kg8 26. Qg5+ {
Hossa resigns} 1-0

[Event "ICS rated standard match"]
[Site "204.178.125.65"]
[Date "2000.11.10"]
[Round "?"]
[White "Hossa"]
[Black "DiepBlue"]
[Result "0-1"]
[WhiteElo "2345"]
[BlackElo "2471"]
[PlyCount "42"]
[EventDate "2000.??.??"]

1. e4 e5 2. Nf3 Nc6 3. Bb5 a6 4. Ba4 Nf6 5. O-O Be7 6. Bxc6 dxc6 7. Nxe5 Nxe4
8. d3 Nf6 9. Nc3 O-O 10. Re1 Re8 11. Qf3 Be6 12. Qg3 Nd5 13. Bd2 Bh4 14. Qf3
Nb4 15. Rac1 Bf6 16. Bf4 Bxa2 17. b3 Qd4 18. Ne2 Qd5 19. Qxd5 Nxd5 20. d4 c5
21. Rcd1 cxd4 {Hossa resigns} 0-1

[Event "ICS rated blitz match"]
[Site "204.178.125.65"]
[Date "2000.11.10"]
[Round "?"]
[White "CosmicJoke"]
[Black "Hossa"]
[Result "1-0"]
[WhiteElo "2700"]
[BlackElo "2533"]
[PlyCount "73"]
[EventDate "2000.??.??"]

1. e4 e5 2. Nf3 Nc6 3. d4 exd4 4. Nxd4 Nf6 5. Nxc6 bxc6 6. e5 Qe7 7. Qe2 Nd5 8.
c4 Nb6 9. Nd2 d6 10. exd6 cxd6 11. Ne4 Be6 12. Bg5 f6 13. c5 dxc5 14. Be3 Bd5
15. Nc3 Rd8 16. O-O-O Kf7 17. Qa6 Qc7 18. a4 c4 19. a5 Nc8 20. Bxc4 Bb4 21. Kb1
Bxc3 22. bxc3 Ne7 23. Rhe1 Qxh2 24. g3 Rb8+ 25. Kc2 Kg6 26. Bxa7 Rbe8 27. Rxd5
cxd5 28. Bd3+ Kg5 29. Qd6 Ng6 30. Qxd5+ f5 31. Qxf5+ Kh6 32. Re6 Rxe6 33. Qxe6
Qxf2+ 34. Bxf2 Kg5 35. Bxg6 hxg6 36. Be3+ Kh5 37. Qh3# {Hossa checkmated} 1-0

[Event "ICS rated standard match"]
[Site "204.178.125.65"]
[Date "2000.11.10"]
[Round "?"]
[White "Yace"]
[Black "Hossa"]
[Result "1/2-1/2"]
[WhiteElo "2574"]
[BlackElo "2335"]
[PlyCount "104"]
[EventDate "2000.??.??"]

1. e4 e5 2. Nf3 Nf6 3. Nc3 Nc6 4. d4 exd4 5. Nd5 Nxe4 6. Bc4 Bd6 7. Nxd4 O-O 8.
O-O Nxd4 9. Qxd4 Re8 10. Nc3 Nxc3 11. Qxc3 Be5 12. Qb3 Qf6 13. Kh1 b6 14. Bg5
Qf5 15. f4 Bd6 16. Bd3 Qc5 17. Bc4 Rf8 18. Rad1 Bb7 19. Bd5 Ba6 20. Rfe1 c6 21.
Be4 h6 22. Bxh6 gxh6 23. Qg3+ Kh8 24. Qh4 Bxf4 25. Qxf4 Qg5 26. Qxg5 hxg5 27.
Rxd7 Rae8 28. Rdd1 Bb5 29. a4 Bxa4 30. b3 f5 31. Bf3 g4 32. bxa4 gxf3 33. gxf3
Kg7 34. Rxe8 Rxe8 35. Rd7+ Kf6 36. Rxa7 Kg5 37. Ra6 Kf4 38. Rxb6 Re1+ 39. Kg2
Re2+ 40. Kh3 Rxc2 41. Rb4+ Kxf3 42. Rb3+ Ke4 43. Ra3 Rd2 44. a5 Rd7 45. Ra4+
Ke3 46. a6 Ra7 47. Kh4 c5 48. Kg5 f4 49. Ra3+ Ke4 50. Ra4+ Ke3 51. Ra3+ Ke4 52.
Ra4+ Ke3 {Game drawn by repetition} 1/2-1/2

[Event "ICS rated standard match"]
[Site "204.178.125.65"]
[Date "2000.11.10"]
[Round "?"]
[White "Hossa"]
[Black "Yace"]
[Result "0-1"]
[WhiteElo "2345"]
[BlackElo "2564"]
[PlyCount "104"]
[EventDate "2000.??.??"]

1. e4 c5 2. Nf3 Nc6 3. d4 cxd4 4. Nxd4 g6 5. c4 Bg7 6. Be3 Nh6 7. Be2 O-O 8.
Qd2 Nxd4 9. Bxd4 d6 10. Bxg7 Kxg7 11. h4 Ng4 12. h5 Nf6 13. hxg6 fxg6 14. Nc3
Qb6 15. Rb1 Kg8 16. Qh6 Rf7 17. O-O Be6 18. Nd5 Qa5 19. b4 Qxa2 20. Nc3 Qa6 21.
Ra1 Qc6 22. e5 dxe5 23. c5 Qc7 24. Ra5 b6 25. Ra6 Bc8 26. Nb5 Qb8 27. Ra2 Be6
28. Ra6 Nd5 29. Rb1 Bd7 30. cxb6 axb6 31. Rxa8 Qxa8 32. Rd1 Nf4 33. Bf3 e4 34.
Rxd7 exf3 35. gxf3 Ne2+ 36. Kf1 Ng3+ 37. Ke1 Rxf3 38. Nc3 Rxc3 39. fxg3 Rxg3
40. Rxe7 Rg1+ 41. Kd2 Qa2+ 42. Kc3 Qa3+ 43. Kc4 Rg4+ 44. Kb5 Rxb4+ 45. Kc6 Rc4+
46. Kb7 Qxe7+ 47. Ka6 Ra4+ 48. Kb5 Qd7+ 49. Kxb6 Qd6+ 50. Kb7 Rb4+ 51. Ka7 Qd4+
52. Ka6 Qa1# {Hossa checkmated} 0-1

[Event "ICS rated blitz match"]
[Site "204.178.125.65"]
[Date "2000.11.10"]
[Round "?"]
[White "NimzoX"]
[Black "Hossa"]
[Result "1-0"]
[WhiteElo "2820"]
[BlackElo "2524"]
[PlyCount "55"]
[EventDate "2000.??.??"]

1. e4 e5 2. Nf3 Nf6 3. Nxe5 Qe7 4. d4 d6 5. Nf3 Nxe4 6. Be3 Bg4 7. Be2 Nd7 8.
O-O O-O-O 9. Nbd2 Re8 10. Nxe4 Qxe4 11. h3 Bh5 12. Qd2 Be7 13. Qa5 d5 14. Nd2
Qh4 15. Nf3 Qe4 16. Rfe1 Qg6 17. Qxa7 Qxc2 18. Rac1 Qg6 19. Qa8+ Nb8 20. Ne5
Qf5 21. Ba6 bxa6 22. Rxc7+ Kxc7 23. Qa7+ Kc8 24. Rc1+ Qc2 25. Rxc2+ Bc5 26.
Rxc5+ Nc6 27. Qa8+ Kc7 28. Rxc6# {Hossa checkmated} 1-0

[Event "ICS rated standard match"]
[Site "204.178.125.65"]
[Date "2000.11.10"]
[Round "?"]
[White "perucho"]
[Black "Hossa"]
[Result "1-0"]
[WhiteElo "2233"]
[BlackElo "2338"]
[PlyCount "75"]
[EventDate "2000.??.??"]

1. e4 c5 2. Nf3 d6 3. Bb5+ Bd7 4. Bxd7+ Qxd7 5. c4 Nc6 6. d4 Qg4 7. d5 Qxe4+ 8.
Be3 Nd4 9. Qa4+ Kd8 10. O-O Nxf3+ 11. gxf3 Qxf3 12. Nd2 Qh3 13. Qb5 Kc7 14. Bf4
Rc8 15. Qxc5+ Kb8 16. Qd4 Nf6 17. Rae1 Qg4+ 18. Kh1 h5 19. Rg1 Qf5 20. b4 Qc2
21. a4 b6 22. a5 bxa5 23. bxa5 Rc7 24. Rb1+ Kc8 25. Rb2 Qf5 26. Rgb1 Nd7 27. a6
Nb6 28. Rxb6 e5 29. dxe6 axb6 30. Qxb6 fxe6 31. a7 Qxb1+ 32. Nxb1 Rxa7 33. Qxa7
e5 34. Bg5 h4 35. Nc3 Be7 36. Nb5 Kd8 37. Bxe7+ Ke8 38. Nxd6# {Hossa checkmated
} 1-0

[Event "ICS Rated standard match"]
[Site "204.178.125.65"]
[Date "2000.11.10"]
[Round "?"]
[White "Hossa"]
[Black "perucho"]
[Result "1-0"]
[WhiteElo "2317"]
[BlackElo "2254"]
[PlyCount "165"]
[EventDate "2000.??.??"]

1. e4 d5 2. exd5 Qxd5 3. Nc3 Qa5 4. d4 c6 5. Nf3 Nf6 6. Bc4 Bf5 7. Ne5 e6 8. g4
Bg6 9. Bd2 Nbd7 10. Nxg6 hxg6 11. g5 Nh5 12. Qf3 Qc7 13. O-O-O Nb6 14. Bb3 a5
15. Na4 Nxa4 16. Bxa4 O-O-O 17. Qe4 b5 18. Bxa5 Qxa5 19. Qxc6+ Kb8 20. Bxb5 Be7
21. Ba6 Bxg5+ 22. Kb1 Qc7 23. Qb5+ Ka7 24. Qa4 Qb6 25. Be2+ Kb8 26. Rd3 Kc7 27.
Rc3+ Kd6 28. Rb3 Qxb3 29. Qxb3 Ke7 30. Qb4+ Rd6 31. Qc5 Bf4 32. Bb5 Rhd8 33. h3
Kf8 34. a4 Kg8 35. c3 Rd5 36. Qe7 Bg5 37. Qb7 Nf6 38. Qc7 R5d6 39. Bc6 Bh4 40.
Rf1 Nd5 41. Qb7 Ne7 42. Bb5 Rd5 43. b3 Rh5 44. Be2 Ra5 45. Qc7 Raa8 46. Qh2 Nd5
47. Kc2 Rdc8 48. c4 Bf6 49. Kd2 Ne7 50. Bf3 Rab8 51. Rb1 Rd8 52. Ke1 Bxd4 53.
Kf1 Nf5 54. Be4 Bc5 55. Qe5 Bd6 56. Qb2 Bb4 57. Qc1 Rd2 58. c5 Rc8 59. c6 Rd4
60. Qc2 Rd2 61. Qc4 Rd4 62. Qa6 Ne7 63. Bf3 e5 64. Qe2 Bd6 65. Rc1 Bc7 66. Kg2
Rcd8 67. Rb1 Nf5 68. Be4 Rd2 69. Qa6 Nd6 70. Bd3 Nc8 71. Bc4 Nd6 72. Qa7 Ne8
73. Re1 R2d4 74. Re3 e4 75. Qc5 R8d6 76. Qb4 Re6 77. Re1 Red6 78. a5 Kh7 79. a6
f5 80. a7 Rd8 81. Qb7 Rd2 82. a8=Q Rxa8 83. Qxa8 {perucho resigns} 1-0

[Event "ICS rated standard match"]
[Site "204.178.125.65"]
[Date "2000.11.10"]
[Round "?"]
[White "Esen"]
[Black "Hossa"]
[Result "1/2-1/2"]
[WhiteElo "1905"]
[BlackElo "2330"]
[PlyCount "66"]
[EventDate "2000.??.??"]

1. d4 Nf6 2. Bg5 e6 3. c3 h6 4. Bxf6 Qxf6 5. e3 d5 6. Bd3 c5 7. Qf3 Nd7 8. Qxf6
Nxf6 9. Bb5+ Bd7 10. Bxd7+ Nxd7 11. Nf3 c4 12. Ne5 Nxe5 13. dxe5 Bc5 14. Ke2 b5
15. a3 g5 16. f4 Kd7 17. Nd2 a5 18. Nf3 g4 19. Nd4 b4 20. axb4 axb4 21. Kd2 b3
22. Rhb1 Ra2 23. Rxa2 bxa2 24. Ra1 Bxd4 25. exd4 Ra8 26. Kc2 g3 27. h3 Kc6 28.
b4 Ra3 29. Kb2 Rb3+ 30. Kc2 Ra3 31. Kb2 Rb3+ 32. Kc2 Ra3 33. Kb2 Rb3+ {
Game drawn by repetition} 1/2-1/2

[Event "ICS Rated standard match"]
[Site "204.178.125.65"]
[Date "2000.11.10"]
[Round "?"]
[White "Hossa"]
[Black "nitmo"]
[Result "1-0"]
[WhiteElo "2317"]
[BlackElo "1974"]
[PlyCount "39"]
[EventDate "2000.??.??"]

1. e4 e5 2. Nc3 Nf6 3. Nf3 Nc6 4. d3 d5 5. exd5 Nxd5 6. Be2 Nxc3 7. bxc3 Bd6 8.
O-O O-O 9. Re1 Bg4 10. Be3 f5 11. d4 e4 12. Ng5 Bxe2 13. Rxe2 h6 14. Ne6 Qh4
15. g3 Qg4 16. Nxf8 f4 17. Bxf4 Bxf4 18. Rxe4 Qxd1+ 19. Rxd1 Rxf8 20. gxf4 {
nitmo resigns} 1-0

[Event "ICS rated blitz match"]
[Site "204.178.125.65"]
[Date "2000.11.10"]
[Round "?"]
[White "Hossa"]
[Black "NimzoX"]
[Result "0-1"]
[WhiteElo "2519"]
[BlackElo "2845"]
[PlyCount "130"]
[EventDate "2000.??.??"]

1. e4 e5 2. Nf3 Nc6 3. d4 exd4 4. Nxd4 Nf6 5. Nxc6 bxc6 6. e5 Qe7 7. Qe2 Nd5 8.
c4 Ba6 9. Qe4 Nb6 10. Nd2 O-O-O 11. b3 d5 12. exd6 Qxe4+ 13. Nxe4 Re8 14. f3 f5
15. c5 Bxf1 16. Kxf1 fxe4 17. cxb6 cxb6 18. Bf4 Kd7 19. Kf2 exf3 20. gxf3 Bxd6
21. Rad1 Re6 22. Rhe1 Rd8 23. h4 g6 24. Rd2 c5 25. a4 a6 26. Red1 Kc6 27. Kg2
Rd7 28. Bg3 h6 29. Bf4 h5 30. Kf2 Rd8 31. Kg2 Kc7 32. Rd5 a5 33. R5d2 Kc6 34.
Rd3 Rd7 35. Kf2 c4 36. bxc4 Bc5+ 37. Kg3 Rxd3 38. Rxd3 Re1 39. Rd5 Ra1 40. Rg5
Kd7 41. Be5 Rxa4 42. Rxg6 Rxc4 43. Rh6 b5 44. Rxh5 a4 45. Rh7+ Ke6 46. Bf4 a3
47. Rh6+ Kd5 48. Rh5+ Kd4 49. Rg5 a2 50. Be5+ Kd3 51. Kh3 Rd4 52. Bxd4 Bxd4 53.
Rxb5 a1=Q 54. Kg4 Qg1+ 55. Kh5 Bf6 56. Rd5+ Ke3 57. Ra5 Qg7 58. Ra6 Qh7+ 59.
Kg4 Qg6+ 60. Kh3 Kf4 61. Ra4+ Bd4 62. Rxd4+ Kxf3 63. Rf4+ Kxf4 64. Kh2 Kf3 65.
Kh3 Qg3# {Hossa checkmated} 0-1

[Event "ICS rated standard match"]
[Site "204.178.125.65"]
[Date "2000.11.10"]
[Round "?"]
[White "Hossa"]
[Black "Bootemout"]
[Result "1-0"]
[WhiteElo "2321"]
[BlackElo "2076"]
[PlyCount "57"]
[EventDate "2000.??.??"]

1. e4 c6 2. d4 d5 3. exd5 cxd5 4. c4 Nf6 5. Nc3 Nc6 6. Bg5 e6 7. Bxf6 Qxf6 8.
cxd5 exd5 9. Bb5 Bb4 10. a3 Bxc3+ 11. bxc3 O-O 12. Ne2 Bg4 13. O-O a6 14. Bd3
Rfe8 15. Re1 b5 16. Qc2 g6 17. Qd2 Na5 18. Qh6 Bxe2 19. Rxe2 Rxe2 20. Bxe2 Rc8
21. Bf3 Rxc3 22. Bxd5 Rc2 23. Qe3 Nc4 24. Bxc4 Rxc4 25. Rd1 Qd6 26. d5 Ra4 27.
Rd3 b4 28. Qe8+ Kg7 29. Qxa4 {Bootemout resigns} 1-0

[Event "ICS Rated standard match"]
[Site "204.178.125.65"]
[Date "2000.11.10"]
[Round "?"]
[White "nitmo"]
[Black "Hossa"]
[Result "0-1"]
[WhiteElo "1970"]
[BlackElo "2327"]
[PlyCount "88"]
[EventDate "2000.??.??"]

1. e4 c5 2. Nf3 d6 3. d4 cxd4 4. Nxd4 e5 5. Bb5+ Nd7 6. Ne2 a6 7. Ba4 Ngf6 8.
Nbc3 Be7 9. O-O O-O 10. Ng3 Nc5 11. Bb3 Bg4 12. f3 Nxb3 13. axb3 Qb6+ 14. Kh1
Be6 15. Nd5 Nxd5 16. exd5 Bd7 17. Qd3 f5 18. Be3 Qc7 19. Bg1 Rf6 20. c4 Rff8
21. Rfe1 b6 22. Re2 Bg5 23. b4 Bh6 24. b3 g6 25. Rea2 Bg7 26. Qc3 Qb7 27. Bf2
Bf6 28. Kg1 Bg5 29. Qd3 Rf7 30. b5 a5 31. b4 Bd8 32. Qe3 f4 33. Qe2 fxg3 34.
Bxg3 Rc8 35. c5 bxc5 36. bxa5 Qxb5 37. a6 Qxe2 38. Rxe2 Ra8 39. Rb2 Bc8 40. a7
Rfxa7 41. Rxa7 Rxa7 42. Rb8 Rc7 43. Be1 Kf7 44. Ba5 Rd7 {nitmo resigns} 0-1

[Event "ICS rated blitz match"]
[Site "204.178.125.65"]
[Date "2000.11.11"]
[Round "?"]
[White "Hossa"]
[Black "CosmicJoke"]
[Result "0-1"]
[WhiteElo "2515"]
[BlackElo "2709"]
[PlyCount "132"]
[EventDate "2000.??.??"]

1. e4 c6 2. d4 d5 3. exd5 cxd5 4. c4 Nf6 5. Nc3 e6 6. Nf3 Nc6 7. Bd3 Nb4 8.
cxd5 Nxd3+ 9. Qxd3 Nxd5 10. O-O Be7 11. Qb5+ Kf8 12. Qd3 Ke8 13. Be3 b6 14. Ne5
Bb7 15. Qb5+ Kf8 16. Qe2 f6 17. Nf3 Nxc3 18. bxc3 Rc8 19. Bd2 Bd5 20. Ne1 Qe8
21. Nd3 Bd6 22. Bf4 Ba3 23. Bc1 Rxc3 24. Qd2 Rxc1 25. Nxc1 Qg6 26. f3 Kf7 27.
Nd3 Rc8 28. Qe3 Bd6 29. a3 Qh5 30. f4 Qg6 31. Rf2 Qe4 32. Qxe4 Bxe4 33. Nb2 b5
34. Re2 Bf5 35. g3 Rc3 36. a4 b4 37. a5 b3 38. a6 h6 39. Kf2 Bg4 40. Rd2 g5 41.
fxg5 hxg5 42. Nd3 Bf5 43. Ke2 Be4 44. Ke3 f5 45. Ke2 f4 46. gxf4 gxf4 47. Rb1
Kf6 48. Rbd1 Kf5 49. Kf1 f3 50. Kg1 Be7 51. Nc5 Bxc5 52. dxc5 Bc2 53. Re1 b2
54. Rd7 Be4 55. Rdd1 Rc2 56. Rf1 Rg2+ 57. Kh1 f2 58. h3 Kf4 59. Rde1 Kg3 60.
Re3+ Bf3 61. Rxf3+ Kxf3 62. Rd1 Rg1+ 63. Rxg1 fxg1=Q+ 64. Kxg1 b1=Q+ 65. Kh2
Qf1 66. h4 Qg2# {Hossa checkmated} 0-1

[Event "ICS rated blitz match"]
[Site "204.178.125.65"]
[Date "2000.11.11"]
[Round "?"]
[White "Amateur"]
[Black "Hossa"]
[Result "0-1"]
[WhiteElo "2554"]
[BlackElo "2507"]
[PlyCount "188"]
[EventDate "2000.??.??"]

1. Nf3 Nf6 2. c4 c5 3. Nc3 e6 4. g3 Be7 5. Bg2 O-O 6. d3 Nc6 7. O-O d5 8. cxd5
exd5 9. Bg5 d4 10. Na4 Nd5 11. Bxe7 Qxe7 12. Qc2 b6 13. a3 Qf6 14. Rac1 Bd7 15.
Qc4 Nc7 16. Qc2 Nb5 17. Qd2 Rae8 18. Rfe1 Ne5 19. Nh4 Re7 20. Rcd1 Rfe8 21. Rc1
Nc7 22. b3 Ng4 23. Nf3 Bxa4 24. bxa4 Qf5 25. a5 b5 26. Rc2 f6 27. Rcc1 Rd7 28.
h3 Ne5 29. Nh4 Qg5 30. Qxg5 fxg5 31. Nf3 Nxf3+ 32. Bxf3 Re5 33. Kg2 Rde7 34. e4
g6 35. Be2 Rf7 36. Bd1 Rf8 37. h4 gxh4 38. f4 Re7 39. Rxc5 hxg3 40. Bb3+ Kg7
41. Kxg3 a6 42. Rec1 Ne8 43. a4 b4 44. R1c4 Ref7 45. f5 gxf5 46. Rxb4 Rf6 47.
e5 Rg6+ 48. Kf2 f4 49. Rxd4 Kh6 50. Rd7 Rf5 51. d4 f3 52. Bc2 Rg2+ 53. Kf1 Rf4
54. Rxh7+ Kg5 55. Rh8 Rh4 56. e6+ Kg4 57. Bf5+ Kg3 58. Rxh4 Rf2+ 59. Kg1 Rg2+
60. Kh1 Kxh4 61. Bd3 Kg3 62. Rg5+ Kf2 63. Rg6 Ke3 64. Bf5 Rxg6 65. Bxg6 f2 66.
Kg2 Ke2 67. Bd3+ Kxd3 68. Kxf2 Kxd4 69. Ke2 Kd5 70. Kd3 Kxe6 71. Kc4 Kd6 72.
Kd4 Kc6 73. Kc4 Nd6+ 74. Kd4 Nb7 75. Kc3 Nxa5 76. Kd2 Nb7 77. Kc3 a5 78. Kc2
Nc5 79. Kb2 Nxa4+ 80. Ka2 Nc5 81. Kb2 Kb5 82. Ka3 a4 83. Ka2 Kb4 84. Kb2 a3+
85. Kb1 Nd3 86. Ka2 Ne1 87. Kb1 Kb3 88. Kc1 a2 89. Kd2 a1=Q 90. Ke2 Kc3 91. Ke3
Qa4 92. Kf2 Qf4+ 93. Kxe1 Kd3 94. Kd1 Qf1# {Amateur checkmated} 0-1

[Event "ICS rated blitz match"]
[Site "204.178.125.65"]
[Date "2000.11.11"]
[Round "?"]
[White "Hossa"]
[Black "Amateur"]
[Result "1/2-1/2"]
[WhiteElo "2525"]
[BlackElo "2536"]
[PlyCount "150"]
[EventDate "2000.??.??"]

1. d4 Nf6 2. c4 e6 3. Nf3 d5 4. Bg5 Bb4+ 5. Nc3 Bxc3+ 6. bxc3 Nbd7 7. cxd5 exd5
8. e3 h6 9. Bh4 g5 10. Bg3 Ne4 11. Nd2 Nxg3 12. hxg3 Nb6 13. a4 a5 14. g4 Qe7
15. Bd3 Bd7 16. Rh5 O-O-O 17. Kf1 Rdg8 18. Kg1 Qd6 19. Bb5 Bxb5 20. axb5 a4 21.
e4 Re8 22. e5 Qd7 23. Qe2 f6 24. Rh1 fxe5 25. dxe5 Qe6 26. Rh3 Re7 27. Re1 Reh7
28. Nf1 Re7 29. Ng3 Nc4 30. Nf5 Rf7 31. Nd4 Qb6 32. e6 Rf6 33. Nf5 Re8 34. Rxh6
Rxh6 35. Nxh6 Qxb5 36. Nf7 Qb3 37. Qd3 Nb2 38. Qd4 a3 39. Nxg5 a2 40. Rc1 Nc4
41. Qa7 Nb6 42. f4 Qc4 43. Ra1 Qxf4 44. Rxa2 Qe3+ 45. Kf1 c6 46. Nf3 Rh8 47.
Qa8+ Nxa8 48. Rxa8+ Kc7 49. Rxh8 Qxc3 50. Rh7+ Kc8 51. Rf7 Qc4+ 52. Kf2 Qc5+
53. Kf1 b5 54. Ke2 Qd6 55. Rf6 d4 56. Rh6 c5 57. Kf2 Qf4 58. Rh5 Qf8 59. g5 Kc7
60. g6 Kd6 61. Re5 Ke7 62. Rxc5 Kxe6 63. Rxb5 d3 64. Ke3 Qd6 65. Ng5+ Ke7 66.
g7 Qg3+ 67. Kd2 Qxg2+ 68. Kxd3 Qf1+ 69. Ke3 Qe1+ 70. Kf4 Qc1+ 71. Kf5 Qc8+ 72.
Kg6 Qc6+ 73. Kh5 Qxb5 74. g8=Q Qe8+ 75. Qxe8+ Kxe8 {
Game drawn because neither player has mating material} 1/2-1/2